| 000 | 00546nam a22001937a 4500 | ||
|---|---|---|---|
| 005 | 20180714155037.0 | ||
| 008 | 180714b xxu||||| |||| 00| 0 eng d | ||
| 010 | _aB-127938 | ||
| 035 | _aB-127938 | ||
| 037 | _bBPPD/PUB | ||
| 040 |
_adpl _bEnglish |
||
| 082 | _aN | ||
| 100 | _aAllende, Isabel | ||
| 245 |
_akingdom of the golden dragon / _cby Isabel Allende |
||
| 260 |
_aNew Delhi _bHarper Collins _c2004 |
||
| 270 |
_a1A Hamilton house, cannaught Place _bNew Delhi _e110001 |
||
| 300 |
_a437 p. _c15p (Hb) |
||
| 942 |
_2ddc _cEN _hN _mALL |
||
| 999 |
_c154053 _d154053 |
||